Представление документа в формате MARC21

Поле Инд. ПП Название Значение
Тип записи a
Библиографический уровень m
001 Контрольный номер RU/IS/BASE/274270296
005 Дата корректировки 20220805121051.4
020 a ISBN 5-7940-0036-8(Невский Диалект)
020 a ISBN 5-7989-0140-8(Бином)
040 b Код языка каталог. rus
041 a Код языка текста rus
080 a Индекс УДК 004.42
084 a Индекс другой классификации/Индекс ББК 32.973.26-018.2
090 a Полочн. индекс 681.3
c Каталожный индекс 681.3.06
x Авторский знак П49
097 b Оператор 11
100 a Автор Пол А.
245 a Заглавие Объектно-ориентированное программирование
c Ответственность пер. с англ.
250 a Основные сведения об издании 2-е изд.
260 a Место издания Санкт-Петербург
a Место издания М.
b Издательство Невский Диалект
b Издательство Бином
c Дата издания 1999
300 a Объем 462 с.
b Иллюстрации/ тип воспроизводства ил.
510 a Примечание о ссылках Книги и методические пособия
650 a Основная рубрика 50.05 Теоретические основы программирования
x Основная подрубрика 50.05.15 Теория и проблематика программирования для вычислительных сетей
653 a Ключевые слова C++; объектно-ориентированное программирование; языки программирования
901 t Тип документа m